Responses for Show #9151 - Monday, July 22, 2024

Neilesh Vinjamuri game 2.

Contestants

[<< previous game]

Monica Anderson, a master control operator from Sterling, Virginia

Sean Duffie, a Spanish and civics teacher from Kentwood, Michigan

Neilesh Vinjamuri, a software engineer from Lionville, Pennsylvania (whose 1-day cash winnings total $12,000)

[next game >>]

Jeopardy! Round responses

SCIENTIFIC DISCOVERIES
STARS WE LOST LAST YEAR
ALL APOLOGIES
STATE HOLIDAYS
MOUTH TO MOUTH
CLASSIC POEMS' ENDINGS
(Ken: You need to name the poem.)
    $200 10
Neptune

Neilesh
    $200 11
Rocky

Neilesh
    $200 18
pardon

Neilesh
    $200 22
Pennsylvania

Monica
    $200 23
the horse's mouth

Sean
    $200 1
"Casey at the Bat"

Neilesh
    $400 9
Kepler

Neilesh
    $400 12
David Crosby

Monica
    $400 17
regrets

Sean
    $400 4
the Navajo

Sean
    $400 24
a cottonmouth

Triple Stumper
    $400 2
"The Road Not Taken"

Neilesh
    $600 6
electron

Neilesh
    $600 13
(Ken: She's the mom in [*].)

A Christmas Story

Triple Stumper
    $600 16
Sorry!

Triple Stumper
    $600 5
Diwali

Neilesh
    $600 25
HAL

Monica
    $600 3
"Do not go gentle into that good night"

Neilesh
    $800 7
Pasteur

Neilesh
    $800 14
Brooklyn Nine-Nine

Sean
    $800 19
contrite

Triple Stumper
    $800 26
Hoover

Neilesh
    $800 28
a golem

Monica
    $800 20
the "Jabberwocky"

Sean
    $1000 8
matter

Neilesh
    $1000 15
Tina Turner

Triple Stumper
    $1000 21
mea culpa

Sean
    $1000 27
Ponce de León

Neilesh
    $1000 29
Tigris & Euphrates

Neilesh
    $1,000 30
"The Charge of the Light Brigade"

Neilesh

Scores at the first commercial break (after clue 15):

Neilesh Sean Monica
$5,000 $1,200 $400

Scores at the end of the Jeopardy! Round:

Neilesh Sean Monica
$9,000 $3,600 $2,000

Double Jeopardy! Round responses

THAT'S AN EXECUTIVE ORDER
THE II
SONGS FROM THE MOVIE SOUNDTRACK
FOOD HISTORY
WORLD CITIES
3 "O"s
    $400 26
artificial intelligence

Sean
    $400 21
John Quincy Adams

Monica
    $400 15
Saturday Night Fever

Monica
    $400 3
(Monica: What is the Mars bar?)

Milky Way

NeileshMonica
    $400 13
[Ken read "sweetheart" with a Bogie impression.]

Casablanca

Monica
    $400 8
Moon rock

Neilesh
    $800 27
Atlanta

Monica
    $800 22
Henry Ford (II)

Neilesh
    $800 16
Space Jam

Sean
    $800 4
a Hawaiian pizza

Sean
    $800 12
Bosporus

Neilesh
    $800 9
contortionist

Neilesh
    $1200 28
steel

Neilesh
    $1200 23
Richard II

Neilesh
    $1200 2
Into the Spider-Verse

Triple Stumper
    $1200 5
a trifle

Sean
    $3,000 10
Marseille

Neilesh
    $1200 14
(Monica: What is the magnolia?)

dogwood

Monica
Triple Stumper
    $2,500 29
(Ken: His predecessor, that's correct.)

Andrew Jackson

Neilesh
    $1600 24
Bruegel

Neilesh
    $1600 1
(Monica: What is Shaft?)

Superfly

Monica
Triple Stumper
    $1600 6
the turducken

Monica
    $1600 11
(Neilesh: What is Munich?)

Heidelberg

NeileshMonica
    $1600 19
(Sean: Who is Solomon?)

Solomonic

SeanMonica
    $2000 30
J. Edgar Hoover

Triple Stumper
    $2000 25
topology

Neilesh
    $2000 17
Under the Cherry Moon

Triple Stumper
    $2000 7
Vegemite

Monica
    $2000 18
Menelik

Neilesh
    $2000 20
Morocco

Neilesh

Scores at the end of the Double Jeopardy! Round:

Neilesh Sean Monica
$26,100 $5,200 $7,600
(lock game)

[wagering suggestions for these scores]

Final Jeopardy! Round responses

AUTHORS
(Ken: [To Monica] Who is Henry James--no, Hi, James!.)
(Monica: My son.)
...
(Ken: [To Neilesh] Lady Chatterley's Lover, Sons and Lovers and Women in Love are the three [*] novels.)
SeanWho is ____?
$2,401
MonicaWho is Hi James!
$5,000
NeileshWho Lawrence
$3,000
(D.H.) Lawrence

Final scores:

Neilesh Sean Monica
$29,100 $2,799 $2,600
2-day champion: $41,100 2nd place: $3,000 3rd place: $2,000

Game dynamics:

Coryat scores:

Neilesh Sean Monica
$23,400 $5,200 $7,600
28 R
(including 3 DDs),
1 W
10 R,
1 W
12 R,
3 W

Combined Coryat: $36,200

[game clues] [game scores] [suggest correction]

Game tape date: 2024-05-29
The J! Archive is created by fans, for fans. Scraping, republication, monetization, and malicious use prohibited; this site may use cookies and collect identifying information. See terms. The Jeopardy! game show and all elements thereof, including but not limited to copyright and trademark thereto, are the property of Jeopardy Productions, Inc. and are protected under law. This website is not affiliated with, sponsored by, or operated by Jeopardy Productions, Inc. Join the discussion at JBoard.tv.